[Event "Bundesliga 0506"]
[Site "Germany"]
[Date "2005.12.09"]
[Round "7.3"]
[White "Rustemov, Alexander"]
[Black "Baramidze, David"]
[Result "1-0"]
[WhiteElo "2564"]
[BlackElo "2542"]
[Annotator "Marin,M"]
[PlyCount "83"]
[EventDate "2005.10.21"]
[EventType "team-tourn"]
[EventRounds "15"]
[EventCountry "GER"]
[SourceTitle "CBM 111"]
[Source "ChessBase"]
[SourceDate "2006.04.04"]
[SourceVersion "1"]
[SourceVersionDate "2006.04.04"]
[SourceQuality "1"]
[WhiteTeam "Wattenscheid"]
[BlackTeam "Solingen"]
[WhiteTeamCountry "GER"]
[BlackTeamCountry "GER"]

1. d4 d5 2. c4 e6 3. Nc3 Nf6 4. cxd5 exd5 5. Bg5 c6 6. e3 Bf5 7. Qf3 Bg6 8.
Bxf6 Qxf6 9. Qxf6 gxf6 10. Nf3 a5 {This move is almost never played at such an
early stage of the game.} (10... Nd7 11. g3 a5 {is a more frequent move order.}
) 11. Rc1 $146 {In view of Black's planned advance of the a-pawn to a3, White
over-defends in advance the c3-knight. However, in doing so he temporarily
gives up the possibility of placing the bishop on d3.} (11. Kd2 {places the
king on a vulnerable square, which will induce further concessions.} Nd7 12.
Bd3 Nb6 13. b3 {More or less necessary, in view of the threat ...Nc4, when the
king might feel uncomfortable.} Ba3 14. Ne1 Nc8 15. Nc2 Be7 {Once it has
distracted the f3-knight far from the f5-square, this bishop returns to a
safer location.} 16. f3 Nd6 17. Ne2 Kd7 18. Nf4 Rag8 $13 19. g4 $6 f5 $1 20. h3
h5 $132 {0-1 Mah,K (2316)-Chandler,M (2505)/London 1999/EXT 2000 (39)}) ({
It remains an open question whether the advance of the a-pawn really interfers
with White's main plan of puting pressure on the f5-square:} 11. Nh4 Be7 12. g3
Nd7 13. f3 a4 14. Kf2 Nb6 15. Rd1 Kd7 (15... Nc4 16. Bxc4 dxc4 17. a3 {[%csl
Rg6][%cal Ye3e4]} Bd3 18. e4 $14 {[%csl Yf5]}) 16. Bd3 $14) 11... Nd7 12. Nh4 {
[%cal Yf2f5]} Be7 13. g3 (13. f4 $6 f5 $1 {[%csl Yh4]}) 13... Nb6 14. f3 a4 (
14... f5 $6 15. Ng2 $14 {[%cal Yg2f4]}) 15. Kf2 Nc4 16. e4 {White opts for a
dynamic course of the events, but this does not seem to offer him an advantage.
.} ({He could have stabilised the position to his favour with} 16. Bxc4 dxc4
17. a3 $1 $14 {[%csl Ya4,Rg6][%cal Ye3e4]} Bd3 18. e4 $16 {[%csl Yf5]}) 16...
Nxb2 17. exd5 O-O 18. Be2 Rfd8 19. f4 Nd3+ {This move forces White his other
bishop, too, but also helps his further mobilisation of forces.} (19... Bd3 $5
{would have maintained the enemy king under some pressure, for instance} 20.
dxc6 bxc6 21. Nd1 a3 $132) 20. Bxd3 Bxd3 21. Ke3 Bc4 22. dxc6 (22. Rb1 b5 $1
23. dxc6 b4 $36) 22... bxc6 23. Rhd1 Re8 $13 {White has the better pawn
structure and a strong centralisation.However, the black pair of bishops
offers him adequate counterchances.} 24. Kf2 Bb4 $2 {But this is a serious
carelessness.} (24... Ra5 $5 {[%csl Yf5]}) 25. Ne4 $1 $16 {Black cannot avoid
unfavourable exchanges now.} Rxe4 26. Rxc4 c5 27. Kf3 Rae8 28. Nf5 h5 29. Rd3
R8e6 30. a3 Be1 31. Re3 Rxe3+ 32. Nxe3 cxd4 33. Rxd4 Rb6 34. Ke2 Bc3 35. Rxa4
Rb2+ 36. Kd3 Be1 37. Nc2 Bf2 38. Rb4 Rxb4 39. axb4 Bg1 40. b5 Kf8 41. Nd4 Ke8
42. Ne2 1-0

[Event "Pulvermuehle 6th"]
[Site "Pulvermuehle"]
[Date "2006.03.02"]
[Round "6"]
[White "Prusikin, Michael"]
[Black "Kortschnoj, Viktor Lvovich"]
[Result "1/2-1/2"]
[WhiteElo "2563"]
[BlackElo "2608"]
[Annotator "Marin,M"]
[PlyCount "52"]
[EventDate "2006.02.25"]
[EventType "tourn"]
[EventRounds "9"]
[EventCountry "GER"]
[EventCategory "12"]
[SourceTitle "CBM 112"]
[Source "ChessBase"]
[SourceDate "2006.06.07"]
[SourceVersion "1"]
[SourceVersionDate "2006.06.07"]
[SourceQuality "1"]

1. d4 Nf6 2. c4 e6 3. Nc3 d5 4. cxd5 Nxd5 $5 {For a player used with the
stable structures of the exchange variation, this unexpected capture with the
knight can come as a slightly unpleasant psychological surprise. Since in the
structure arising after the exchange on c3 White hardly has a better square
for the development of his king's knight than f3, play is likely to transpose
to the Semi-Tarrasch system.} 5. e4 Nxc3 6. bxc3 c5 7. a3 $5 {White intends to
deviate from the course of the game suggested by Black. His last move intends
to transpose to some kind of Petrosian variation of the Queen's Indian (4.Nc3
Bb7 5.a3 d5 6.cxd5 Nxd5 7.Qc2 followed by e4) if Black develops his queen's
side with ...b6 and ...Bb7. In that case, White would be in a better situation,
since he would spare the move Qc2, maintaining the possibility of developing
the queen later and to a more favourable square. (In the QI, the queen
frequently has to lose a tempo after, say, ...Qc7 or ...Rc8). However, Black
can make use of the time made available by delaying the development of his
bishop and, equally important, of the b6-square and the a5-d8 diagonal. We can
see that the game has an independent character compared to the known
variations.} (7. Nf3 {would most likely transpose to a genuine Semi-Tarrasch
after a further check on b4. It is worth noting that, even though the formal
purpose of the move a3 is the same as in the QI, namely to prevent ...Bb4, the
concrete circumstances are slightly different. In the QI, the bishop would pin
the c3-knight, increasing Black's influence over the e4-square, while in the
QG the check on b4 would just lead to simplifications, which generally suit
Black, who has willingly given up the control of the centre.}) 7... Qc7 $5 $146
{This novelty marks the start of a whole new plan, aimed to restrict White's
active possibilities.} ({White has generally managed to prove a stable
superiority after} 7... Be7 8. Nf3 O-O 9. Bd3 $14 {when Black had problems
keeping the enemy centre under control, for instance} cxd4 (9... Nc6 10. Bb1
Qa5 11. Bd2 Qa6 12. Qc2 g6 13. h4 Rd8 14. Be3 Qa5 15. O-O cxd4 16. cxd4 Bf6 17.
Rd1 Bd7 18. Ba2 Ne7 19. Bd2 Qa6 20. Qc7 Ba4 21. Re1 Rac8 22. Qf4 Bg7 23. h5 Qd6
24. Qh4 Nc6 25. e5 Qd7 26. hxg6 hxg6 27. d5 $1 $16 {with attack, 1-0
Aleksandrov,A (2635)-Lopez Martinez,J (2488)/Warsaw 2005/CBM 108 (46)}) 10.
cxd4 Nc6 11. Bb2 Qa5+ 12. Kf1 $5 {White avoids the exchange of queens. The
loss of the right to castle hardly has any significance, since the centre is
under firm White control.} Rd8 13. h4 b6 14. Qe2 Bb7 15. Rh3 (15. Rd1 Bf8 16.
Rh3 Rac8 17. Kg1 Ne7 18. h5 h6 19. d5 exd5 20. e5 $44 {1-0 Bareev,E (2685)
-Hracek,Z (2530)/Pardubice 1994/CBM 042 (32)}) 15... Bc5 $2 (15... Rac8 16. Rg3
Bf8 $14) 16. d5 Ne7 (16... exd5 17. exd5 Rxd5 18. Ng5 $16 {[%csl Yf7,Yh7]}) 17.
Ng5 $36 Ng6 $2 18. Qh5 $18 {1-0 Babula,V (2530)-Hausner,I (2450)/Czechia 1995/
EXT 97 (33)}) 8. Nf3 Nd7 {For the moment, Black maintains the flexibility of
his position by refraining from defining the position of either of his bishops.
} 9. Bb2 {At this height of the game, this looks like the best way to prepare
the development of the other bishop to d3.} (9. Bd3 $2 {is bad in view of} cxd4
10. cxd4 $2 Qc3+ $19 {when too many white pieces would be hanging.}) ({The
more modest} 9. Be2 $6 {would leave White with problems maintaining the
flexibility of his centre after} Nf6 $1) ({However,} 9. Rb1 $5 {might be a
better way to prepare Bd3, since the rook stands well on b1 anyway, which can
hardly be said about the b2-bishop.}) 9... g6 $1 {This is the moment when the
multi-facet chess culture of Kortschnoj makes itself felt. Having played for
decades such openings like the QI and the Grünfeld, he can easily combine
their ideas even if the starting moves are characteristic for an entirely
different opening. One unwillingly remembers the first game of his candidate's
match against Kasparov, played more than 2 decades ago, where Kortschnoj
successfully employed the (then rare) plan based on ...g6 in the a3-QI. In our
concrete case, the absence of the plan Be3 followed by Qd2 and Bh6 makes the
development of the bishop to g7 most welcome.} 10. Bd3 Bg7 11. O-O O-O 12. Qe2
({White's last chance of maintaining a (possibly symbolic) advantage consisted
of} 12. a4) 12... Nb6 $1 {[%csl Ya4,Rb2] After this precise move, the
drawbacks of the development of the bishop to b2 become obvious.} 13. Bc1 (13.
a4 Bd7 $1 {[%csl Ya4]}) 13... Na4 14. Bd2 Bd7 {Black has developed all his
minorpieces on active positions, while White has been forced to lose none less
than 2 tempi.} 15. Rfc1 Rac8 16. h4 Nb2 $11 {The exchanges induced by this
move promisse Black an easy play in an approximately equal position.} 17. Bb5
Bxb5 18. Qxb5 Qb6 19. a4 Rfd8 20. Bg5 f6 21. Be3 cxd4 22. Nxd4 e5 23. Qxb6 axb6
24. Ne6 Rd6 25. Nxg7 Kxg7 26. a5 Nc4 1/2-1/2

[Event "Asia-ch 5th"]
[Site "Hyderabad"]
[Date "2005.10.07"]
[Round "2"]
[White "Dao, Thien Hai"]
[Black "Barua, Dibyendu"]
[Result "1-0"]
[WhiteElo "2581"]
[BlackElo "2475"]
[Annotator "Marin,M"]
[PlyCount "83"]
[EventDate "2005.10.05"]
[EventType "swiss"]
[EventRounds "9"]
[EventCountry "IND"]
[SourceTitle "CBM 110"]
[Source "ChessBase"]
[SourceDate "2006.01.31"]
[SourceVersion "1"]
[SourceVersionDate "2006.01.31"]
[SourceQuality "1"]

1. d4 d5 2. c4 e6 3. Nc3 Nf6 4. cxd5 exd5 5. Bg5 c6 6. e3 Bf5 7. Qf3 Bg6 8.
Bxf6 Qxf6 9. Qxf6 gxf6 {This system is played once in a while, when Black
wants to give the game an original course, different from the thematic
minority's attack. As a compensation for the king side weaknesses, he obtains
the pair of bishop and almost total safety on the queen side.} 10. Nf3 Nd7 11.
Be2 {Possibly not the most efficiant plan.} ({White has been successfull
lately with} 11. g3 {Volkov,S (2612)-Slobodjan,R (2544)/Mulhouse 2005/CBM
106_01/[Marin] and Beliavsky,A (2630)-Popov,V (2568)/Warsaw 2005/CBM 108_01/
[Marin]}) 11... Bh5 $2 {But this is a mistake of judgement. Under no
circumstances should Black agree so easily to the exchange of his light
squared bishop, the main defender of the f5-square.} (11... Rg8 12. Nh4 Be7 13.
g3 Nb6 {[%csl Re4,Rf5][%cal Yb6c8,Yc8d6] The knight initiates its march
towards d6, where from it will cover the important f5= and e4=squares.} 14. f4
f5 15. Ng2 Nc8 16. Kf2 Kd7 17. Rac1 Nd6 $11 {1/2-1/2 Alster,L-Hort,V/
Bratislava 1959/MCD (44)}) (11... Nb6 12. Nd2 Bf5 {Intending to transfer the
bishop to e6.} (12... Kd7 13. h4 h5 14. e4 dxe4 15. Ndxe4 Kc7 16. O-O Rd8 17.
Rfd1 Bg7 18. Nc5 f5 19. Nb3 Bf6 20. a4 f4 $132 {1/2-1/2 Dao Thien Hai (2560)
-Nielsen,P (2440)/Budapest 1993/CBM 036 ext (61)}) 13. O-O Be7 14. Rfe1 a5 15.
Rac1 O-O 16. g4 Be6 17. f4 f5 18. g5 a4 19. a3 Ra5 20. Bd3 Nc8 21. Nf3 Nd6 $13
{and once again Black-s position is entirely viable.1/2-1/2 Flear,G (2505)
-Ruban,V (2560)/Eupen 1994/EXT 97 (47)}) (11... Be7 12. h4 $6 {[%csl Yg3,Yg4]
The advance of the h=pawn unnecessarily weakens several squares along the
g=file.} Bf5 13. Rc1 Rg8 14. h5 {[%csl Yg5]} h6 15. Nh4 Be6 16. g3 f5 17. Bd3
Bxh4 18. Rxh4 a5 19. Na4 Rc8 20. Nc5 b6 21. Nxd7 Kxd7 $15 {White has no
constructive plan on the king side, while in the centre and on the left wing
it is only Black who can hope to initiate active operations. 1/2-1/2 Haik,A 
(2425)-Muco,F (2440)/Lucerne 1982/EXT 97-B (70)}) 12. Nh4 Bxe2 13. Kxe2 Nb6 14.
Rhc1 O-O-O 15. g3 Kb8 16. b3 Ba3 17. Rc2 Rhe8 18. Nf5 Nc8 19. Rb1 {[%csl Ra3]
[%cal Yb3b4]} Bf8 20. Na4 Nd6 {This was what Black probably relied on. He
exchanges the molesting knight, while the other one is too far away from this
critical square.} 21. Nxd6 Bxd6 22. b4 Rc8 23. Rb3 b6 24. Nb2 Kc7 25. Nd3 Kd7
26. a4 Rb8 {White has regrouped in an optimal way to keep the queen side under
control, but Black is relatively solid here, too.} 27. Kf3 $1 $16 {It appears
that knights are not the only pieces suitable to be installed on f5, which
might have been overlooked by Black when chosing his plan on the 11th move.
The threat Kg4-f5 is very unpleasant and Black will have huge problems
defending both wings at the same time.} Rb7 28. h4 Rbb8 29. Rbc3 Rbc8 30. Rc1
Rc7 31. Kg4 Rcc8 32. Kf5 Re6 33. b5 Be7 34. Nf4 Rd6 35. f3 Bd8 36. Nd3 Rc7 37.
Nb4 cxb5 38. axb5 Rxc3 39. Rxc3 Bc7 40. Na6 Bd8 41. Nb8+ Ke8 42. Rc8 1-0

[Event "Asia-ch 5th"]
[Site "Hyderabad"]
[Date "2005.10.14"]
[Round "8"]
[White "Roktim, Bandyopadhyay"]
[Black "Barua, Dibyendu"]
[Result "1-0"]
[WhiteElo "2380"]
[BlackElo "2475"]
[Annotator "Marin,M"]
[PlyCount "57"]
[EventDate "2005.10.05"]
[EventType "swiss"]
[EventRounds "9"]
[EventCountry "IND"]
[SourceTitle "CBM 110"]
[Source "ChessBase"]
[SourceDate "2006.01.31"]
[SourceVersion "1"]
[SourceVersionDate "2006.01.31"]
[SourceQuality "1"]

1. d4 d5 2. c4 e6 3. Nc3 Nf6 4. cxd5 exd5 5. Bg5 c6 6. e3 Qb6 {A rather
provocative move, in the spirit of the "Poisoned pawn" variation from the
Najdorf. By attacking the b2-pawn, Black intends to prevent White from
developing naturally. At the same time, he unpins his knight in order to
enable ...Ne4.} 7. Bd3 $5 {A radical attempt to put Black's concept under
doubt. White ignores the threat and continues his natural development. In
doing so, he reckons with the fact that the time spent on capturing on b2 and
returning with the queen into play will cost Black several tempi, leaving him
underdeveloped. In the vast majority where this line is played, White defends
his pawn with the queen (from either c2 or d2) when Black gets certain
counterplay by jumping with his knight to e4. At the same time, the capture on
f6 can be met by the intermediate Qxb2.} Qxb2 {The most consequent answer.} (
7... Ne4 {is likely to lead to a positional advantage for White:} 8. Bxe4 dxe4
9. Nge2 Qa5 10. Bf4 f5 11. O-O ({White hesitates. The immediate} 11. d5 $1 $36
{would have allowed him to take advantage of his considerable advantage of
development.}) 11... Be6 12. d5 {But now, this looks a bit premature.} (12. Qd2
{[%csl Ra5][%cal Yc3e4]} Qd8 13. Rfd1 $32) 12... Bxd5 13. Nxd5 Qxd5 14. Qxd5
cxd5 15. Rfd1 Nc6 16. Rxd5 g6 17. Nd4 Rd8 18. Rxd8+ Kxd8 19. Nxc6+ bxc6 20. Bb8
a6 21. Be5 Rg8 22. Rc1 Kd7 23. Rc3 Bd6 $11 {1/2-1/2 Szabo,L-Mohrlok,D/Buesum
1969/EXT 98 (39)}) 8. Nge2 Be7 ({The other natural developing move would be} 
8... Nbd7 9. Rb1 Qa3 10. O-O Be7 11. Qc2 Qa5 (11... O-O $2 12. Rb3 $1 Qa5 (
12... Qd6 $2 13. Bf4 Qe6 14. Bf5 $18) 13. Bxh7+ $1 $16) (11... h6 12. Bf4 $1
O-O 13. Ng3 $36) 12. Ng3 Ng8 (12... g6 13. f3 O-O 14. Bh6 Re8 15. e4 $36) 13.
Bxe7 Nxe7 14. e4 dxe4 15. Ncxe4 O-O (15... Qc7 16. Rfe1 O-O 17. Ng5 Ng6 18.
Bxg6 hxg6 19. Qe4 Nf6 20. Qh4 $44) 16. Nd6 Nf6 17. Nxc8 (17. Nge4 Nxe4 18. Bxe4
g6 19. Nxb7 Bxb7 20. Rxb7) 17... Nxc8 18. Rxb7 Nd6 $132 19. Re7 Rad8 20. h3 (
20. Rd1 {[%csl Yd4]}) 20... Qb6 21. Rd1 g6 22. Be2 $2 Nb5 (22... Nd5 23. Re5 f6
24. Re6 Kf7 $17) 23. Bxb5 cxb5 $13 {1/2-1/2 Christiansen,L (2575)-Kelecevic,N 
(2460)/Biel 1994/TD (82)}) 9. O-O Qb6 $146 {Black intends to return with his
queen on its initial square, in order to safely defend the e7-bishop and avoid
any inconveniences based on the pin of the f6-knight. However, this is a very
time consuming plan, allowing White prepare a positional attack. based on f3,
e4.} (9... O-O 10. e4 ({The advantage of having delayed the development of the
b8-knight can be seen if White intends to adopt Christiansen's plan:} 10. Rb1
Qa3 11. Qc2 h6 12. Bf4 Na6 $1 {and Black wins time for his development.}) 10...
dxe4 11. Nxe4 Nbd7 (11... Nd5 12. Bxe7 Nxe7 13. N2g3 Qxd4 14. Ng5 Qg4 15. Bxh7+
Kh8 16. Qc1 f6 17. Qc5 Re8 18. Rfe1 Na6 $2 (18... Qxg5 19. Qxg5 fxg5 20. Bg6
Rf8 21. Rxe7 $44 {[%csl Yb7,Yg5,Yg7,Rh8]}) 19. Rxe7 Rxe7 $2 20. Qxe7 Qxg5 21.
Bc2 Bg4 22. Qxb7 {1-0 Sherbakov,R (2565)-Velcheva,M (2270)/Ubeda 1996/CBM 051
ext}) 12. N2g3 g6 13. Qf3 Qxd4 {We can see in these lines that the queen is
not completely out of play on b2. The capture on d4 certainly is a more rapid
way to bring this powerful piece back to defence than Qb6-d8.} 14. Rad1 Nd5 $5
(14... Qe5 $5 15. Rfe1 Nd5 $8 16. Nf6+ $6 Bxf6 17. Rxe5 Nxe5 $36) 15. Bxe7 Nxe7
16. Bb1 {Not a very good square for the bishop. After the following forced
operation, White will need an extra tempo to activate it.} (16. Bc2 {would
allow} Qb2 $5 {when the hanging position of the bishop considerably retsricts
White's possibilities.}) (16. Be2 $1) 16... Qg7 17. Rxd7 Bxd7 18. Nf6+ Kh8 19.
Nxd7 Rfd8 20. Nf6 Nd5 21. Nge4 Nxf6 22. Nxf6 Rd6 23. Ne4 Rd5 {With the bishop
on e2, White could nou play Bc4, with certain chances of maintaining the
initiative.} 24. Bc2 Rad8 $13 {0-1 Sherbakov,R (2495)-Ivanov,S (2440)/Podolsk
1992/EXT 97 (70)}) 10. Qc2 Qd8 11. f3 {With his poor development, Black has
problems dealing with the advance of the central pawns.} h6 12. Bh4 a5 $5 {
This move, preparing Na6, only creates additional weaknesses.} (12... Nbd7 {or}
) (12... O-O {look more natural}) 13. e4 Na6 ({Since White's main threat is to
advance the pawn to e5, Black should have probably played} 13... dxe4 14. fxe4
O-O {in order to get the d5-square in case of} 15. e5 {for instance} Nd5 16.
Bxe7 Qxe7 (16... Nxe7 17. Ne4 $36) 17. Nxd5 cxd5 18. Nf4 Be6 {when White
certainly has compensation, but Black is alive. In any case, the position
would have become double edged, while the game wasa rather one-sided affair.})
14. a3 (14. e5 $1 Nb4 15. Qd2 Ng8 16. Bxe7 Nxe7 17. Bb1 Bf5 18. Ng3 Bxb1 19.
Raxb1 $36 {[%csl Gb7][%cal Yf3f5,Ra2a3]}) 14... Nc7 ({Black misses his second
chance:} 14... dxe4 $1) 15. e5 $16 {But there will be no third chance for him
already.} Nd7 16. Bxe7 Qxe7 17. Ng3 Nf8 18. f4 $40 {White's attack is very
strong now, while Black's extra-pawn hardly makes itself felt.} h5 19. f5 h4
20. Nge2 Qg5 21. Nf4 Rh6 22. Na4 Nd7 23. Rae1 b5 24. e6 bxa4 25. Qxc6 Kd8 26.
Nxd5 Nxd5 27. Qxd5 Ra7 28. e7+ Ke8 29. Qxf7+ 1-0